00379nam a22001337a 450000500170000000800410001704000080005808200080006624500200007426000550009430000140014931000120016327000700017520090124140613.0090124c xxu||||| |||| 00| 0 eng d adpl a657 aBCAS newsletter aMumbaibBomaby Chartered Accountant Societyc2008- av.c26 cm aMonthly a7, Jolly Bhavan No. 2, New Marine LinesbMumbaie400020k66595601